<?xml version="1.0" encoding="UTF-8"?>
<record
    xmlns:xsi="http://www.w3.org/2001/XMLSchema-instance"
    xsi:schemaLocation="http://www.loc.gov/MARC21/slim http://www.loc.gov/standards/marcxml/schema/MARC21slim.xsd"
    xmlns="http://www.loc.gov/MARC21/slim">

  <leader>00501nam a2200181Ia 4500</leader>
  <controlfield tag="008">200826s9999||||xx |||||||||||||| ||und||</controlfield>
  <datafield tag="041" ind1=" " ind2=" ">
    <subfield code="a">chi</subfield>
  </datafield>
  <datafield tag="050" ind1=" " ind2=" ">
    <subfield code="a">BR1285  </subfield>
    <subfield code="b">.Y685 1977</subfield>
  </datafield>
  <datafield tag="100" ind1=" " ind2=" ">
    <subfield code="a">&#x694A;&#x5176;&#x8000;</subfield>
  </datafield>
  <datafield tag="245" ind1=" " ind2="0">
    <subfield code="a">&#x798F;&#x97F3;&#x8056;&#x6559;&#x8207;&#x83EF;&#x4EBA;</subfield>
    <subfield code="b"> /</subfield>
    <subfield code="c">&#x694A;&#x5176;&#x8000;</subfield>
  </datafield>
  <datafield tag="246" ind1=" " ind2=" ">
    <subfield code="a">&#x798F;&#x97F3;&#x5723;&#x6559;&#x4E0E;&#x534E;&#x4EBA;</subfield>
    <subfield code="b">/</subfield>
  </datafield>
  <datafield tag="260" ind1=" " ind2=" ">
    <subfield code="a">&#x9999;&#x6E2F;:</subfield>
    <subfield code="b">&#x4E2D;&#x83EF;&#x798F;&#x97F3;&#x51FA;&#x7248;&#x793E;,</subfield>
    <subfield code="c">1977</subfield>
  </datafield>
  <datafield tag="300" ind1=" " ind2=" ">
    <subfield code="a">160 p.</subfield>
    <subfield code="b">;</subfield>
    <subfield code="c">22 cm.</subfield>
  </datafield>
  <datafield tag="650" ind1=" " ind2=" ">
    <subfield code="a">China -- Church history.</subfield>
  </datafield>
  <datafield tag="650" ind1=" " ind2=" ">
    <subfield code="a">Christianity -- China.</subfield>
  </datafield>
  <datafield tag="650" ind1=" " ind2=" ">
    <subfield code="a">Christianity.</subfield>
  </datafield>
  <datafield tag="952" ind1=" " ind2=" ">
    <subfield code="0">0</subfield>
    <subfield code="1">0</subfield>
    <subfield code="4">0</subfield>
    <subfield code="7">0</subfield>
    <subfield code="a">GETS</subfield>
    <subfield code="b">GETS</subfield>
    <subfield code="c">GEN</subfield>
    <subfield code="d">2020-08-26</subfield>
    <subfield code="l">0</subfield>
    <subfield code="o">BR1285 .Y685 1977</subfield>
    <subfield code="p">00007024</subfield>
    <subfield code="r">2020-08-26 00:00:00</subfield>
    <subfield code="w">2020-08-26</subfield>
    <subfield code="y">CB</subfield>
  </datafield>
  <datafield tag="999" ind1=" " ind2=" ">
    <subfield code="c">19604</subfield>
    <subfield code="d">19604</subfield>
  </datafield>
</record>
